MARC details
| 000 -CABECERA |
| campo de control de longitud fija |
01837nam a2200337 i 4500 |
| 001 - NÚMERO DE CONTROL |
| campo de control |
991061727882806706 |
| 003 - IDENTIFICADOR DEL NÚMERO DE CONTROL |
| campo de control |
ES-BaIT |
| 005 - FECHA Y HORA DE LA ÚLTIMA TRANSACCIÓN |
| campo de control |
20260227095605.0 |
| 008 - DATOS DE LONGITUD FIJA--INFORMACIÓN GENERAL |
| campo de control de longitud fija |
260326e202504 fr r 000 d fre c |
| 020 ## - NÚMERO INTERNACIONAL ESTÁNDAR DEL LIBRO |
| Número Internacional Estándar del Libro |
9782749816869 |
| 040 ## - FUENTE DE LA CATALOGACIÓN |
| Centro catalogador/agencia de origen |
ES-BaIT |
| Lengua de catalogación |
cat |
| Normas de descripción |
rda |
| Centro/agencia transcriptor |
ES-BaIT |
| 080 ## - NÚMERO DE LA CLASIFICACIÓN DECIMAL UNIVERSAL |
| Número de la Clasificación Decimal Universal |
840-2"19" |
| 100 1# - ENTRADA PRINCIPAL--NOMBRE DE PERSONA |
| Nombre de persona |
Besset, Jean-Marie |
| Término indicativo de función/relación |
autor |
| 9 (RLIN) |
8221 |
| 245 10 - MENCIÓN DE TÍTULO |
| Título |
Hélène / |
| Mención de responsabilidad, etc. |
Jean-Marie Besset |
| 264 #1 - PRODUCCIÓN, PUBLICACIÓN, DISTRIBUCIÓN, FABRICACIÓN Y COPYRIGHT |
| Producción, publicación, distribución, fabricación y copyright |
Paris : |
| Nombre del de productor, editor, distribuidor, fabricante |
L'avant-scène théâtre, |
| Fecha de producción, publicación, distribución, fabricación o copyright |
avril 2025 |
| 300 ## - DESCRIPCIÓN FÍSICA |
| Extensión |
106 pàgines ; |
| Dimensiones |
21 cm |
| 336 ## - TIPO DE CONTENIDO |
| Término de tipo de contenido |
text |
| Código de tipo de contenido |
txt |
| Fuente |
rdacontent |
| 337 ## - TIPO DE MEDIO |
| Nombre/término del tipo de medio |
sense mediació |
| Código del tipo de medio |
n |
| Fuente |
rdamedia |
| 338 ## - TIPO DE SOPORTE |
| Nombre/término del tipo de soporte |
volum |
| Código del tipo de soporte |
nc |
| Fuente |
rdacarrier |
| 490 1# - MENCIÓN DE SERIE |
| Mención de serie |
L'Avant-scène théatre ; |
| Designación de volumen o secuencia |
no 1574 |
| 500 ## - NOTA GENERAL |
| Nota general |
P7: D2, H5 |
| 500 ## - NOTA GENERAL |
| Nota general |
Publicat com no 1573 (avril 2025) de la revista L'Avant-scène théâtre |
| 520 ## - SUMARIO, ETC. |
| Sumario, etc. |
"En juin 1940 à Bordeaux, où le président du Conseil, Paul Reynaud et sa compagne, Hélène de Portes, se sont échoués, afflue la France de l'exode, dans une panique indescriptible de foules, face à l'invasion allemande. Devant un Reynaud tiraillé, Hélène aiguillonne la rivalité entre Pétain, viceprésident du Conseil, qui veut négocier un armistice, et le fougueux sous-secrétaire d'État, de Gaulle, qui entend poursuivre la guerre coûte que coûte. Hélène aura-t-elle gain de cause? Arrivera-t-elle à faire du maréchal le chef du pays dans la collaboration avec l'Occupant? Et si le sort de la France n'avait tenu qu'à une femme, Hélène, cette fin de printemps-là?-- Contracoberta |
| 600 10 - PUNTO DE ACCESO ADICIONAL DE MATERIA--NOMBRE DE PERSONA |
| Nombre de persona |
Reynaud, Paul |
| Subdivisión de forma |
Textos dramàtics |
| 9 (RLIN) |
168739 |
| 600 10 - PUNTO DE ACCESO ADICIONAL DE MATERIA--NOMBRE DE PERSONA |
| Nombre de persona |
Portes, Hélène de |
| Subdivisión de forma |
Textos dramàtics |
| 9 (RLIN) |
168740 |
| 651 #0 - PUNTO DE ACCESO ADICIONAL DE MATERIA--NOMBRE GEOGRÁFICO |
| Nombre geográfico |
França |
| Subdivisión general |
Història |
| Subdivisión cronológica |
1914-1918, Ocupació alemanya |
| Subdivisión de forma |
Textos dramàtics |
| 9 (RLIN) |
168741 |
| 830 ## - PUNTO DE ACCESO ADICIONAL DE SERIE-TÍTULO UNIFORME |
| Título uniforme |
Avant-scène. |
| Nombre de parte o sección de la obra |
Théâtre |
| Designación de volumen o secuencia |
no 1574 |
| 9 (RLIN) |
168170 |
| 908 ## - COLOCAR PARÁMETRO DE COMANDO (RLIN) |
| Colocar parámetro de comando |
CDMAE |
| 940 ## - EQUIVALENCIA O REFERENCIA-CRUZADA--TÍTULO UNIFORME [OBSOLETO] [solamente CAN/MARC] |
| Título uniforme |
<a href="CDMAE">CDMAE</a> |
| 942 ## - ELEMENTOS DE ENTRADA AGREGADA (KOHA) |
| Fuente del sistema de clasificación o colocación |
Clasificación decimal universal |
| Tipo de ítem Koha |
Llibre |